000 00364nam a2200157Ia 4500
003 Ost
005 20260225132555.0
008 260225s9999||||xx |||||||||||||| ||und||
040 _cfsic
041 _afre
082 _a440
100 _aFrançois de Saint-Cheron
_eAuteur
245 0 _aAndré Malraux /
245 0 _cFrançois de Saint-Cheron
942 _cكتاب
999 _c34421
_d34421